书目信息 |
| 题名: |
新编彩电集成电路维修数据大全
|
|
| 作者: | 刘克友 主编 | |
| 分册: | ||
| 出版信息: | 北京 机械工业出版社 2004.09 |
|
| 页数: | 465页 | |
| 开本: | 26cm | |
| 丛书名: | ||
| 单 册: | ||
| 中图分类: | TN949.12 | |
| 科图分类: | ||
| 主题词: | 彩色电视--电视接收机--集成电路 | |
| 电子资源: | ||
| ISBN: | 7-111-14015-X | |
| 000 | 00937nam0 2200229 450 | |
| 001 | 0139543031 | |
| 005 | 20050921170848.23 | |
| 010 | @a7-111-14015-X@dCNY39.00 | |
| 100 | @a20050725d2004 km y0chiy0120 ea | |
| 101 | 0 | @achi |
| 102 | @aCN@b110000 | |
| 105 | @ay z 000yy | |
| 200 | 1 | @a新编彩电集成电路维修数据大全@Axin bian cai dian ji cheng dian lu wei xiu shu ju da quan@f刘克友主编@Fliu ke you zhu bian |
| 210 | @a北京@c机械工业出版社@d2004.09 | |
| 215 | @a465页@d26cm | |
| 330 | @a本书从维修实用角度出发,列出了600余种号集成电路的主要作用、引脚功能以及以一种机型为例的实测动/静态(有信号/无信号)电压、正/反向(正向测试/反向测试)对地电阻数据,这些实测数据均是维修彩电时,判断集成电路好坏或其他故障的重要依据。 | |
| 333 | @a家电维修技术人员,相关专业师生 | |
| 606 | 0 | @a彩色电视@x电视接收机@x集成电路 |
| 690 | @aTN949.12@v4 | |
| 701 | 0 | @a刘克友@Aliu ke you@4主编 |
| 801 | 0 | @aCN@bQSSK@c20050921 |
| 905 | @a10447@dTN949.12@eL648 | |
| 新编彩电集成电路维修数据大全/刘克友主编.-北京:机械工业出版社,2004.09 |
| 465页;26cm |
| 使用对象:家电维修技术人员,相关专业师生 |
| ISBN 7-111-14015-X:CNY39.00 |
| 本书从维修实用角度出发,列出了600余种号集成电路的主要作用、引脚功能以及以一种机型为例的实测动/静态(有信号/无信号)电压、正/反向(正向测试/反向测试)对地电阻数据,这些实测数据均是维修彩电时,判断集成电路好坏或其他故障的重要依据。 |
| ● |
| 相关链接 |
|
|
|
正题名:新编彩电集成电路维修数据大全
索取号:TN949.12/L648
 
预约/预借
| 序号 | 登录号 | 条形码 | 馆藏地/架位号 | 状态 | 备注 |
| 1 | 525830 | 205258308 | 自科库301/301自科库 100排7列1层/ [索取号:TN949.12/L648] | 在馆 | |
| 2 | 525831 | 205258317 | 自科库301/301自科库 100排7列1层/ [索取号:TN949.12/L648] | 在馆 |